00626pam a2200205 a 45000010008000000030004000080050017000120080041000290100017000700200015000870400031001020500021001330820016001542450063001702600059002333000037002925040039003296500026003687000026003944222751OSt20210629114146.0820127s1982 caua b 001 0 eng  a 82001693  a0201101750 aDLCcALUPE UNIVERSITYdDLC00aQR46b.M467 198200a616/.0121900aMedical microbiology /cSamuel Baron, editor ... [et al.]. aMenlo Park, Calif. :bAddison-Wesley Pub. Co.,cc1982. axxviii, 952 p. :bill. ;c24 cm. aIncludes bibliographies and index. 0aMedical microbiology.1 aBaron, Samuel,d1928-